00535nam a2200181Ia 4500001001000000003000500010008004100015010001100056040000900067082001400076100002600090245010900116260004100225300001100266650003300277700001900310700002400329Para_2449CHAP220125s1987 xx 000 0 und d a200983 cCHAP aPA 632 N5 aNishimura, Syoyo, ed. aMolecular determinants of plant diseases /c ed. by Syoyo Nishimura, Carroll P. Vance and Noriyuki Doke aTokyo :b Japan Scientific Societes a293 p. aFitopatología Biofísica aDoke, Noriyuki aVance, Carroll P.